| 000 | 01402nam a2200265 a 4500 | ||
|---|---|---|---|
| 001 | 71452 | ||
| 003 | BD-RjUL | ||
| 005 | 20211209082120.0 | ||
| 008 | 170503s2010 bg a|||| |||| 00| 0 ben d | ||
| 020 |
_a9848272429 _c : Tk. 350.00 |
||
| 035 | _a(BD-RjUL)71668 | ||
| 040 |
_aBD-RjUL _bben _cBD-RjUL |
||
| 041 | _aben | ||
| 082 |
_223 _a925 _bDRM 2010 |
||
| 245 | 0 | 0 |
_aড. এম এ ওয়াজেদ মিয়া স্মারকগ্রন্থ / _cসম্পাদনা পরিষদ: সভাপতি: খন্দকার আসাদুজ্জামান ; সম্পাদক: মেসবাহউদ্দিন আহমেদ |
| 260 |
_aঢাকা : _bজাতীয় সমন্বিত উন্নয়ন ফাউন্ডেশন, _c২০১০ |
||
| 300 |
_a২৪০ পৃ. ; _c২২ সেমি. |
||
| 600 |
_aমিয়া, এম এ ওয়াজেদ _xজীবনী _9237391 |
||
| 600 |
_aMia, M. A. Wazed _xBiography _9237392 |
||
| 650 |
_aপরমাণু বিজ্ঞানী _xজীবনী _9211397 |
||
| 650 |
_aAtomic Scientists _xBiography _9211398 |
||
| 700 |
_aআসাদুজ্জামান, খন্দকার, সভাপতি, সম্পাদনা পরিষদ _9237393 |
||
| 700 |
_aআহমেদ, মেসবাহউদ্দিন, সম্পাদক _9237394 |
||
| 942 |
_2ddc _cBK |
||
| 999 |
_c71452 _d71452 |
||